[Event "DEM U12/U12w 2003"]
[Site "Willingen GER"]
[Date "2003.06.08"]
[Round "2"]
[White "Schrödter, Thomas"]
[Black "Müller, Reinhold"]
[Result "0-1"]
[Termination "normal"]
[Board "1"]
[WhiteElo "1605"]
[BlackElo "2003"]
[PlyCount "60"]
[BlackFideId "24605875"]
[EventCountry "GER"]
[EventRounds "11"]
[EventType "swiss"]
[EventDate "2003.06.07"]

1. d4 Nf6 2. c4 g6 3. Nc3 Bg7 4. e4 d6 5. Nf3 O-O 6. Be3 e5 7. d5 Nbd7 8. Qc2
Ng4 9. Bd2 Nc5 10. h3 Nf6 11. b4 Na6 12. a3 Ne8 13. Bd3 f5 14. O-O-O c5 15. b5
Nb8 16. h4 a6 17. a4 axb5 18. cxb5 c4 19. Bxc4 fxe4 20. Nxe4 Bf5 21. Bd3 Nd7
22. Bc3 Nb6 23. a5 Nd7 24. Kd2 Rc8 25. Ke2 Nc5 26. Nfd2 Nxd3 27. Qxd3 Nf6 28.
f3 Nh5 29. Kf2 Nf4 30. Qb1 Rxc3 0-1

[Event "DEM U12/U12w 2003"]
[Site "Willingen GER"]
[Date "2003.06.08"]
[Round "2"]
[White "Huschenbeth, Niclas"]
[Black "Poetsch, Hagen"]
[Result "1-0"]
[Termination "normal"]
[Board "2"]
[WhiteElo "1808"]
[BlackElo "1611"]
[PlyCount "49"]
[WhiteFideId "24604747"]
[BlackFideId "24615137"]
[EventCountry "GER"]
[EventRounds "11"]
[EventType "swiss"]
[EventDate "2003.06.07"]

1. e4 e6 2. d4 d5 3. Nc3 Nf6 4. Bg5 Bb4 5. e5 h6 6. Bd2 Bxc3 7. Bxc3 Ne4 8. Ba5
b6 9. Bb4 c5 10. Ba3 cxd4 11. Nf3 Nc6 12. Bb5 Bd7 13. Bxc6 Bxc6 14. Nxd4 Qc7
15. O-O Bd7 16. Re1 Nc5 17. Qg4 O-O 18. Re3 Rfc8 19. Rae1 Kh7 20. Rg3 Rg8 21.
Nf3 Ne4 22. Rxe4 dxe4 23. Ng5+ Kg6 24. Nxf7+ Kxf7 25. Qg6# 1-0

[Event "DEM U12/U12w 2003"]
[Site "Willingen GER"]
[Date "2003.06.08"]
[Round "2"]
[White "Fischer, Benjamin"]
[Black "Seyb, Alexander"]
[Result "1/2-1/2"]
[Termination "normal"]
[Board "3"]
[WhiteElo "1591"]
[BlackElo "1807"]
[PlyCount "58"]
[BlackFideId "4699033"]
[EventCountry "GER"]
[EventRounds "11"]
[EventType "swiss"]
[EventDate "2003.06.07"]

1. d4 g6 2. c4 Bg7 3. Nc3 d6 4. e4 e5 5. Nf3 exd4 6. Nxd4 Nc6 7. Be3 Nge7 8.
Qd2 O-O 9. Be2 f5 10. O-O-O f4 11. Nxc6 fxe3 12. Nxe7+ Qxe7 13. Qxe3 Be6 14.
Kb1 Qf7 15. f3 Bxc4 16. Bxc4 Qxc4 17. Nd5 c6 18. Nc3 Qe6 19. Qe2 a5 20. Qc2 Kh8
21. Rd3 b5 22. Rhd1 Rfd8 23. Ne2 Ra6 24. Nd4 Qe8 25. Ne2 c5 26. Rd5 Bf6 27. Qd2
Qe7 28. Qd3 c4 29. Qd2 Rb6 1/2-1/2

[Event "DEM U12/U12w 2003"]
[Site "Willingen GER"]
[Date "2003.06.08"]
[Round "2"]
[White "Savchenko, Aleksij"]
[Black "Wortmann, Jonas"]
[Result "1-0"]
[Termination "normal"]
[Board "4"]
[WhiteElo "1774"]
[BlackElo "1608"]
[PlyCount "49"]
[WhiteFideId "24611727"]
[BlackFideId "24628069"]
[EventCountry "GER"]
[EventRounds "11"]
[EventType "swiss"]
[EventDate "2003.06.07"]

1. d4 Nf6 2. c4 e6 3. Nc3 Bb4 4. f3 d5 5. a3 Bxc3+ 6. bxc3 c5 7. e3 O-O 8. Bd3
Qc7 9. cxd5 exd5 10. Ne2 Re8 11. O-O b6 12. Ng3 Bb7 13. Ra2 Nbd7 14. Re2 Re7
15. e4 dxe4 16. fxe4 Rd8 17. Bf4 Qc8 18. Nf5 Rde8 19. Bd6 Rxe4 20. Bxe4 Nxe4
21. Rxe4 Bxe4 22. Ne7+ Rxe7 23. Bxe7 Qc6 24. Qh5 f6 25. Qe8+ 1-0

[Event "DEM U12/U12w 2003"]
[Site "Willingen GER"]
[Date "2003.06.08"]
[Round "2"]
[White "Rafiee, Makan"]
[Black "Bigalke, Tobias"]
[Result "0-1"]
[Termination "normal"]
[Board "5"]
[WhiteElo "1579"]
[BlackElo "1767"]
[PlyCount "74"]
[WhiteFideId "24609340"]
[BlackFideId "4698282"]
[EventCountry "GER"]
[EventRounds "11"]
[EventType "swiss"]
[EventDate "2003.06.07"]

1. e4 e6 2. d4 d5 3. Nd2 Nf6 4. e5 Nfd7 5. c3 c5 6. f4 Nc6 7. Ndf3 cxd4 8. cxd4
Bb4+ 9. Bd2 Qb6 10. Bxb4 Qxb4+ 11. Qd2 Qxd2+ 12. Kxd2 a6 13. Rb1 b5 14. g4 Nb6
15. b3 Bd7 16. Bh3 h6 17. Ne2 Rc8 18. a3 Kd8 19. f5 Kc7 20. Nf4 Rhf8 21. Ke3
Kb7 22. fxe6 Bxe6 23. Rhg1 g5 24. Nd3 Nd7 25. Rgc1 f6 26. exf6 Rxf6 27. Rf1
Rcf8 28. b4 Bg8 29. a4 Bh7 30. Bg2 Be4 31. Rb2 Kc7 32. axb5 axb5 33. Nde1 Nb6
34. Rb3 Nc4+ 35. Ke2 Re8 36. Kd1 Bxf3+ 37. Nxf3 Ne3+ 0-1

[Event "DEM U12/U12w 2003"]
[Site "Willingen GER"]
[Date "2003.06.08"]
[Round "2"]
[White "Zehnter, Sebastian"]
[Black "Weller, Manuel"]
[Result "1-0"]
[Termination "normal"]
[Board "6"]
[WhiteElo "1750"]
[BlackElo "1593"]
[PlyCount "145"]
[WhiteFideId "24608670"]
[BlackFideId "24635952"]
[EventCountry "GER"]
[EventRounds "11"]
[EventType "swiss"]
[EventDate "2003.06.07"]

1. d4 f5 2. c4 Nf6 3. g3 g6 4. Bg2 Bg7 5. Nf3 d6 6. O-O O-O 7. Nc3 a6 8. Re1
Qe8 9. h3 Nbd7 10. e4 fxe4 11. Ng5 e5 12. dxe5 dxe5 13. Ngxe4 Nxe4 14. Nxe4 Qf7
15. Qe2 h6 16. Nd6 Qe7 17. Nxc8 Raxc8 18. Bxb7 Rcd8 19. Be4 g5 20. Be3 Nf6 21.
Qc2 Qe6 22. Kg2 Kh8 23. Rad1 Rfe8 24. Kh2 Bf8 25. a3 Be7 26. Bg2 Kg7 27. Bd4
Nd7 28. Bd5 Qf6 29. Be3 c6 30. Bg2 c5 31. Qe2 Kg8 32. Bd5+ Kg7 33. Bg2 Kg8 34.
Qf3 Kg7 35. Qxf6+ Kxf6 36. b3 Rf8 37. Bc6 Nb8 38. Be4 Nd7 39. Kg2 Rh8 40. Kf1
Rhf8 41. Ke2 Rh8 42. Rh1 Nb6 43. Rxd8 Rxd8 44. Rd1 Rxd1 45. Kxd1 Bd6 46. a4 Nd7
47. a5 Ke6 48. Bb7 Nb8 49. Ke2 Kf6 50. Kf3 Kf5 51. g4+ Kf6 52. Ke4 Ke6 53. Bc8+
Nd7 54. Bxd7+ Kxd7 55. Kd5 Bc7 56. Bxc5 Bxa5 57. Bf8 Bd8 58. Bxh6 Bf6 59. Bf8
a5 60. Bd6 Bg7 61. Bxe5 Bf8 62. c5 Be7 63. c6+ Kc8 64. c7 Bf8 65. Kc6 Be7 66.
Kb5 Bb4 67. Bf6 Bd2 68. Bd4 Kxc7 69. Be3 Bc3 70. Bxg5 Kd6 71. Kc4 Ke5 72. Kxc3
a4 73. bxa4 1-0

[Event "DEM U12/U12w 2003"]
[Site "Willingen GER"]
[Date "2003.06.08"]
[Round "2"]
[White "Nuber, Blasius"]
[Black "Geske, Julian"]
[Result "0-1"]
[Termination "normal"]
[Board "7"]
[WhiteElo "1560"]
[BlackElo "1733"]
[PlyCount "92"]
[WhiteFideId "24620289"]
[BlackFideId "24605263"]
[EventCountry "GER"]
[EventRounds "11"]
[EventType "swiss"]
[EventDate "2003.06.07"]

1. e4 e5 2. Nf3 Nc6 3. d4 exd4 4. Nxd4 Bc5 5. Be3 Qf6 6. c3 Nge7 7. Bc4 Ne5 8.
Be2 Qg6 9. Bf3 d6 10. Nb5 Nxf3+ 11. gxf3 Qg2 12. Rf1 Bh3 13. Nd2 O-O-O 14. Qa4
a6 15. Nd4 Qxh2 16. O-O-O Bxf1 17. Rxf1 Qh3 18. Qb3 d5 19. Rg1 g6 20. Rg3 Qd7
21. Bg5 Rhe8 22. Bf6 Bxd4 23. Bxd4 f5 24. e5 f4 25. Rg4 Nc6 26. Rxf4 Nxe5 27.
Rh4 Nd3+ 28. Kc2 Qf5 29. Qa3 c5 30. Be3 Nxf2+ 31. Kb3 c4+ 32. Kb4 Nd3+ 33. Ka5
Rxe3 34. Rxh7 d4+ 35. Kb6 Re6+ 36. Ka7 Qc5+ 37. Qxc5+ Nxc5 38. Nxc4 Rd7 39.
Rxd7 Kxd7 40. cxd4 Nd3 41. Kxb7 Ne1 42. d5 Rf6 43. Nd2 Nxf3 44. Ne4 Rf4 45.
Nc5+ Kd6 46. Nxa6 g5 0-1

[Event "DEM U12/U12w 2003"]
[Site "Willingen GER"]
[Date "2003.06.08"]
[Round "2"]
[White "Kaczmarczyk, Dennis"]
[Black "Kim, Oi-sin"]
[Result "1-0"]
[Termination "normal"]
[Board "8"]
[WhiteElo "1715"]
[BlackElo "1588"]
[PlyCount "93"]
[WhiteFideId "24608297"]
[BlackFideId "24605778"]
[EventCountry "GER"]
[EventRounds "11"]
[EventType "swiss"]
[EventDate "2003.06.07"]

1. c4 Nf6 2. Nc3 e6 3. e4 d5 4. cxd5 exd5 5. e5 d4 6. exf6 dxc3 7. dxc3 Qxf6 8.
Nf3 Bg4 9. Qa4+ Bd7 10. Qe4+ Qe6 11. Qxe6+ Bxe6 12. Bf4 c6 13. Bd3 Nd7 14. O-O
Bc5 15. Rfe1 O-O-O 16. b3 h6 17. Rad1 Rhe8 18. Kf1 Nf6 19. Ne5 Nd5 20. Bd2 f6
21. Ng6 Kc7 22. Nf4 Nxf4 23. Bxf4+ Bd6 24. Bxd6+ Rxd6 25. Bg6 Rxd1 26. Rxd1 Rd8
27. Re1 Kd6 28. f4 f5 29. Re5 Rf8 30. h4 c5 31. Ke2 a5 32. Kd2 b5 33. b4 axb4
34. cxb4 cxb4 35. Rxb5 Bxa2 36. Rxb4 Rf6 37. h5 Bd5 38. g3 Bf7 39. Rb6+ Ke7 40.
Rb7+ Ke6 41. Rxf7 Rxf7 42. Bxf7+ Kxf7 43. Ke3 g6 44. Kd4 Kf6 45. Kd5 g5 46. Kd6
g4 47. Kd5 1-0

[Event "DEM U12/U12w 2003"]
[Site "Willingen GER"]
[Date "2003.06.08"]
[Round "2"]
[White "Jussupow, Ekaterina"]
[Black "Moshtael, Wesal"]
[Result "1-0"]
[Termination "normal"]
[Board "9"]
[WhiteElo "1709"]
[BlackElo "1578"]
[PlyCount "73"]
[WhiteFideId "24625400"]
[BlackFideId "24618551"]
[EventCountry "GER"]
[EventRounds "11"]
[EventType "swiss"]
[EventDate "2003.06.07"]

1. e4 c5 2. d3 e6 3. g3 d5 4. Nd2 Nf6 5. Bg2 Be7 6. Ngf3 Nc6 7. O-O O-O 8. e5
Nd7 9. Re1 Qc7 10. Qe2 a6 11. Nf1 b5 12. Bf4 Bb7 13. h4 Rfd8 14. N1h2 b4 15.
Ng4 a5 16. Nfh2 Nd4 17. Qd1 a4 18. Nf6+ Kh8 19. Qh5 gxf6 20. exf6 Bd6 21. Qxf7
Rg8 22. Bg5 Ne5 23. Qh5 Qf7 24. Qd1 Rg6 25. f4 Nec6 26. c3 Nb5 27. Bh3 Nc7 28.
Ng4 Bf8 29. h5 Rg8 30. cxb4 cxb4 31. Rc1 Ra6 32. Rxc6 Bxc6 33. Ne5 Bc5+ 34. d4
Bxd4+ 35. Qxd4 Qxh5 36. f7 Raa8 37. Ng6# 1-0

[Event "DEM U12/U12w 2003"]
[Site "Willingen GER"]
[Date "2003.06.08"]
[Round "2"]
[White "Zahn, Benno"]
[Black "Mazarov, Jürgen"]
[Result "1-0"]
[Termination "normal"]
[Board "10"]
[WhiteElo "1529"]
[BlackElo "1684"]
[PlyCount "79"]
[WhiteFideId "24636070"]
[BlackFideId "24617768"]
[EventCountry "GER"]
[EventRounds "11"]
[EventType "swiss"]
[EventDate "2003.06.07"]

1. d4 d5 2. c4 e6 3. Nc3 Nf6 4. Bg5 Be7 5. e3 O-O 6. Bd3 dxc4 7. Bxc4 Re8 8.
Nf3 Nbd7 9. O-O b6 10. e4 Bb7 11. Re1 Nf8 12. Ne5 N8d7 13. Bb5 a6 14. Bc6 Bxc6
15. Nxc6 Qc8 16. Nxe7+ Rxe7 17. e5 Kh8 18. exf6 gxf6 19. Bh4 Qb7 20. Qh5 Rg8
21. f3 Rg6 22. Bg3 Re8 23. d5 e5 24. Qf5 Qc8 25. Ne4 Reg8 26. Rac1 Qd8 27. Rc6
Nc5 28. Nxc5 bxc5 29. Rd1 Qe7 30. d6 cxd6 31. Rdxd6 Rb8 32. Rxf6 Rg7 33. Bxe5
Rxg2+ 34. Kxg2 Rxb2+ 35. Bxb2 Qe2+ 36. Kh3 Qf1+ 37. Kh4 Qf2+ 38. Kg5 Qg2+ 39.
Qg4 Qd2+ 40. Rf4+ 1-0

[Event "DEM U12/U12w 2003"]
[Site "Willingen GER"]
[Date "2003.06.08"]
[Round "2"]
[White "Gölz, Daniel"]
[Black "Doberitz, Paul"]
[Result "1/2-1/2"]
[Termination "normal"]
[Board "11"]
[WhiteElo "1682"]
[BlackElo "1526"]
[PlyCount "101"]
[WhiteFideId "24626325"]
[BlackFideId "24646130"]
[EventCountry "GER"]
[EventRounds "11"]
[EventType "swiss"]
[EventDate "2003.06.07"]

1. e4 c5 2. Nf3 d6 3. d4 cxd4 4. Nxd4 Nf6 5. Nc3 g6 6. Be3 Bg7 7. f3 O-O 8. Qd2
Nc6 9. O-O-O Nxd4 10. Bxd4 Be6 11. g4 Qa5 12. Kb1 Rfc8 13. a3 Bc4 14. Ne2 Qxd2
15. Rxd2 Rc6 16. g5 Nd7 17. Bxg7 Kxg7 18. Nf4 Ne5 19. Bxc4 Rxc4 20. Rf1 Rac8
21. Nd5 Re8 22. b3 Rc5 23. f4 Nd7 24. h4 h5 25. Rdf2 e6 26. Nb4 f5 27. exf5
Rxf5 28. Rd1 d5 29. c4 Nb6 30. cxd5 exd5 31. Nc2 Kh7 32. Nd4 Rf7 33. Nb5 Ref8
34. Rdf1 a6 35. Nd4 Nd7 36. f5 Nc5 37. fxg6+ Kxg6 38. Rxf7 Rxf7 39. Rxf7 Kxf7
40. Kc2 Nd7 41. Kd3 Ne5+ 42. Ke3 Ng6 43. Nf3 Ke6 44. Kd4 Kd6 45. b4 b5 46. Kc3
Ke7 47. Kd3 Kd7 48. Ke3 Ke7 49. Kf2 Kd7 50. Kg3 Kd6 51. Ne1 1/2-1/2

[Event "DEM U12/U12w 2003"]
[Site "Willingen GER"]
[Date "2003.06.08"]
[Round "2"]
[White "Khramoy, Gennadiy"]
[Black "Jorczik, Julian"]
[Result "0-1"]
[Termination "normal"]
[Board "12"]
[WhiteElo "1517"]
[BlackElo "1682"]
[PlyCount "62"]
[BlackFideId "24611719"]
[EventCountry "GER"]
[EventRounds "11"]
[EventType "swiss"]
[EventDate "2003.06.07"]

1. d4 Nf6 2. c4 e6 3. Nc3 Bb4 4. Nf3 b6 5. Bg5 h6 6. Bh4 Bb7 7. e3 O-O 8. Be2
d6 9. O-O Nbd7 10. a3 Bxc3 11. bxc3 Qc8 12. Bxf6 Nxf6 13. h3 Ne4 14. Qc2 f5 15.
Rfd1 Qe8 16. d5 e5 17. Bd3 Qg6 18. Nh4 Qf6 19. Nxf5 Qxf5 20. Bxe4 Qg5 21. Bh7+
Kh8 22. Qg6 Qh4 23. Qc2 Qxc4 24. Be4 Rf6 25. Bf3 Raf8 26. e4 Bc8 27. Kh2 Rxf3
28. gxf3 Rxf3 29. Kg2 Rxc3 30. Qb1 Rb3 31. Qa2 Qxe4+ 0-1

[Event "DEM U12/U12w 2003"]
[Site "Willingen GER"]
[Date "2003.06.08"]
[Round "2"]
[White "Kazhibadze, Georg"]
[Black "Jannes, Alexander"]
[Result "1-0"]
[Termination "normal"]
[Board "13"]
[WhiteElo "1681"]
[BlackElo "1515"]
[PlyCount "149"]
[BlackFideId "4647955"]
[EventCountry "GER"]
[EventRounds "11"]
[EventType "swiss"]
[EventDate "2003.06.07"]

1. e4 c6 2. d4 d5 3. Nc3 dxe4 4. Nxe4 Nd7 5. c3 Ngf6 6. Ng3 e6 7. Nf3 Be7 8.
Bd3 c5 9. O-O b6 10. Be3 Bb7 11. dxc5 Bxc5 12. Bxc5 Nxc5 13. Bb5+ Nfd7 14. Ne5
Ba6 15. Bxd7+ Nxd7 16. Re1 Nxe5 17. Rxe5 Qxd1+ 18. Rxd1 Ke7 19. Re4 Rad8 20.
Red4 Rxd4 21. Rxd4 Rd8 22. Rxd8 Kxd8 23. Nh5 g6 24. Nf6 Ke7 25. Ne4 Bd3 26. Nd2
h6 27. f3 Kd6 28. Kf2 f5 29. Ke3 Bb5 30. f4 e5 31. fxe5+ Kxe5 32. Nf3+ Kf6 33.
Nd4 Bd7 34. Nc2 g5 35. Nb4 a5 36. Nd5+ Ke5 37. Nxb6 f4+ 38. Kf2 Bb5 39. a4 Bc6
40. Nc4+ Kd5 41. b3 Ke4 42. Nxa5 Be8 43. Ke2 g4 44. c4 Bh5 45. Kf2 Kd4 46. b4
Bf7 47. b5 Kc5 48. Nb7+ Kb6 49. Nd6 Be6 50. Kg1 Ka5 51. c5 Kxa4 52. b6 Bd5 53.
b7 Bxb7 54. Nxb7 Kb5 55. Nd6+ Kxc5 56. Nf5 f3 57. g3 h5 58. Ng7 Kd4 59. Nxh5
Ke3 60. Kf1 f2 61. Nf6 Kf3 62. Nxg4 Kxg4 63. Kxf2 Kh3 64. Ke3 Kg4 65. h4 Kh5
66. Kf4 Kh6 67. g4 Kg6 68. h5+ Kh7 69. g5 Kg7 70. Kf5 Kf7 71. h6 Kg8 72. g6 Kf8
73. Kf6 Kg8 74. g7 Kh7 75. Kf7 1-0

[Event "DEM U12/U12w 2003"]
[Site "Willingen GER"]
[Date "2003.06.08"]
[Round "2"]
[White "Fischer, Thomas"]
[Black "Rath, Oliver"]
[Result "1-0"]
[Termination "normal"]
[Board "14"]
[WhiteElo "1671"]
[BlackElo "1513"]
[PlyCount "149"]
[WhiteFideId "4683277"]
[BlackFideId "24610380"]
[EventCountry "GER"]
[EventRounds "11"]
[EventType "swiss"]
[EventDate "2003.06.07"]

1. Nf3 d5 2. c4 dxc4 3. Na3 Bg4 4. Nxc4 Nc6 5. h3 Bxf3 6. gxf3 g6 7. Bg2 Bg7 8.
O-O Nf6 9. d3 O-O 10. Bd2 Re8 11. Rc1 Nd4 12. f4 c6 13. e3 Nf5 14. d4 Nh4 15.
Bh1 Qd7 16. Kh2 Qc7 17. Ne5 Rad8 18. b4 Qb6 19. Qb3 e6 20. b5 cxb5 21. Bb4 a5
22. Bc5 Qa6 23. Rb1 b4 24. Qa4 b5 25. Qc2 Rc8 26. Rfc1 Red8 27. Qd3 Nd7 28. Be7
Nxe5 29. fxe5 Bxe5+ 30. Kg1 Rxc1+ 31. Rxc1 Rd7 32. Bxh4 Bd6 33. Rc6 Qa7 34.
Qxb5 Kg7 35. Qb6 Qxb6 36. Rxb6 Bf8 37. Ra6 b3 38. axb3 Bb4 39. Be4 Rc7 40. Rc6
Ra7 41. Bg3 a4 42. bxa4 Rxa4 43. Be5+ Kh6 44. Kg2 Ra2 45. Rc7 Be1 46. Bg3 Kg7
47. Bc6 Rc2 48. Be8 Rxc7 49. Bxc7 Bb4 50. Kf3 h5 51. Bb6 Bd6 52. e4 f6 53. Bc5
Bc7 54. Ke3 f5 55. e5 h4 56. Be7 Kh6 57. Bf7 g5 58. Bxe6 Kg6 59. Bd6 Bd8 60.
Bd5 g4 61. hxg4 fxg4 62. Kf4 g3 63. fxg3 hxg3 64. Kxg3 Kf5 65. e6 Kf6 66. e7
Bxe7 67. Bxe7+ Kxe7 68. Kf4 Kd6 69. Bb3 Kd7 70. Ke5 Ke7 71. Be6 Kd8 72. Kd6 Ke8
73. Ba2 Kd8 74. d5 Ke8 75. Kc7 1-0

[Event "DEM U12/U12w 2003"]
[Site "Willingen GER"]
[Date "2003.06.08"]
[Round "2"]
[White "Linsenmeyer, Mario"]
[Black "Scharnowski, Tobias"]
[Result "0-1"]
[Termination "normal"]
[Board "15"]
[WhiteElo "1500"]
[BlackElo "1658"]
[PlyCount "60"]
[WhiteFideId "24635138"]
[BlackFideId "24620424"]
[EventCountry "GER"]
[EventRounds "11"]
[EventType "swiss"]
[EventDate "2003.06.07"]

1. e4 c5 2. c3 d6 3. d4 Nd7 4. Nf3 e6 5. Bd3 Ngf6 6. O-O Be7 7. Qc2 h6 8. Bf4
O-O 9. Na3 a6 10. Rfd1 b5 11. Qd2 Re8 12. e5 dxe5 13. dxe5 Nd5 14. Be4 Bb7 15.
b3 Qc7 16. Bxh6 gxh6 17. Qxh6 Nf8 18. Ng5 Bxg5 19. Qxg5+ Ng6 20. Bxg6 fxg6 21.
Qxg6+ Qg7 22. Qxg7+ Kxg7 23. c4 bxc4 24. Nxc4 Bc6 25. Nd6 Rg8 26. Rac1 Nf4 27.
Rxc5 Bxg2 28. Rc7+ Kh6 29. Nf7+ Kh5 30. h3 Bf3+ 0-1

[Event "DEM U12/U12w 2003"]
[Site "Willingen GER"]
[Date "2003.06.08"]
[Round "2"]
[White "Fink, Leander"]
[Black "Trapp, Maximilian"]
[Result "1-0"]
[Termination "normal"]
[Board "16"]
[WhiteElo "1657"]
[BlackElo "1506"]
[PlyCount "78"]
[WhiteFideId "24605247"]
[EventCountry "GER"]
[EventRounds "11"]
[EventType "swiss"]
[EventDate "2003.06.07"]

1. e4 e5 2. Nf3 Nc6 3. d4 exd4 4. Nxd4 Bc5 5. Be3 Nxd4 6. Bxd4 Bxd4 7. Qxd4 Qf6
8. e5 Qb6 9. Qxb6 axb6 10. Nc3 c6 11. g3 f6 12. f4 fxe5 13. fxe5 Ra5 14. O-O-O
Rxe5 15. Bh3 b5 16. Rhe1 Rxe1 17. Rxe1+ Kd8 18. Ne4 Kc7 19. Ng5 Nf6 20. Re7 Rg8
21. Be6 Re8 22. Rxg7 h6 23. Bf7 Re7 24. Nh3 d6 25. Nf4 Bf5 26. h3 Kb6 27. g4
Ne8 28. Bxe8 Rxg7 29. gxf5 Rg1+ 30. Kd2 Rf1 31. Ke3 Re1+ 32. Ne2 Rf1 33. Bg6
Kc7 34. Nf4 Re1+ 35. Kf3 Kd7 36. f6 Re5 37. h4 c5 38. Kg4 c4 39. Bh5 Rc5 1-0

[Event "DEM U12/U12w 2003"]
[Site "Willingen GER"]
[Date "2003.06.08"]
[Round "2"]
[White "Göpel, Martin"]
[Black "Wendling, Hannes"]
[Result "0-1"]
[Termination "normal"]
[Board "17"]
[WhiteElo "1476"]
[BlackElo "1652"]
[PlyCount "122"]
[BlackFideId "24624284"]
[EventCountry "GER"]
[EventRounds "11"]
[EventType "swiss"]
[EventDate "2003.06.07"]

1. d4 d5 2. c4 e6 3. Nc3 Nf6 4. Bg5 Be7 5. Nf3 Nbd7 6. e3 O-O 7. cxd5 exd5 8.
Bd3 c6 9. O-O Re8 10. Qc2 Nf8 11. a3 Qd6 12. b4 a6 13. Na4 Bd8 14. h3 Nh5 15.
Bxd8 Qxd8 16. Rfe1 Qf6 17. Nb6 Rb8 18. Nxc8 Rbxc8 19. Qe2 Nf4 20. Qd2 Nxh3+ 21.
Kf1 Ng5 22. Ke2 Nxf3 23. gxf3 g6 24. Rh1 Qxd4 25. Rag1 Qf6 26. Rg2 d4 27. e4
Qg7 28. f4 Kh8 29. f5 Re5 30. fxg6 fxg6 31. f4 Re7 32. f5 Qe5 33. fxg6 Rg7 34.
Qh6 Rcc7 35. Rhg1 Qf6 36. Rf2 Qd6 37. e5 Qxe5+ 38. Kd2 Qe3+ 39. Qxe3 dxe3+ 40.
Kxe3 Nxg6 41. Bxg6 hxg6 42. Rf8+ Rg8 43. Rxg8+ Kxg8 44. Rxg6+ Kf7 45. Rg4 Rd7
46. Ke4 Ke7 47. Rg3 Kd8 48. Rd3 Rxd3 49. Kxd3 Kc7 50. Kd4 Kb6 51. Kc4 a5 52.
bxa5+ Kxa5 53. Kb3 b5 54. Kc3 Ka4 55. Kb2 c5 56. Ka2 c4 57. Kb2 c3+ 58. Kxc3
Kxa3 59. Kc2 b4 60. Kb1 Kb3 61. Ka1 Kc2 0-1

[Event "DEM U12/U12w 2003"]
[Site "Willingen GER"]
[Date "2003.06.08"]
[Round "2"]
[White "Geilfuss, Albert"]
[Black "Hirneise, Jens"]
[Result "1-0"]
[Termination "normal"]
[Board "18"]
[WhiteElo "1640"]
[BlackElo "1495"]
[PlyCount "29"]
[BlackFideId "24614734"]
[EventCountry "GER"]
[EventRounds "11"]
[EventType "swiss"]
[EventDate "2003.06.07"]

1. e4 c5 2. Nf3 Nc6 3. c3 d5 4. exd5 Qxd5 5. d4 cxd4 6. cxd4 Bg4 7. Be2 Bxf3 8.
Bxf3 Qxd4 9. Bxc6+ bxc6 10. Qxd4 e6 11. Qa4 Ne7 12. Bd2 g6 13. Bc3 Rg8 14. Nd2
Bh6 15. Ne4 1-0

[Event "DEM U12/U12w 2003"]
[Site "Willingen GER"]
[Date "2003.06.08"]
[Round "2"]
[White "Park, Johannes"]
[Black "Smolkina, Milana"]
[Result "1/2-1/2"]
[Termination "normal"]
[Board "19"]
[WhiteElo "1396"]
[BlackElo "1623"]
[PlyCount "76"]
[BlackFideId "24618780"]
[EventCountry "GER"]
[EventRounds "11"]
[EventType "swiss"]
[EventDate "2003.06.07"]

1. d4 c6 2. c4 g6 3. Nc3 Bg7 4. Nf3 d6 5. e4 Nf6 6. Bd3 O-O 7. O-O Bg4 8. h3
Bxf3 9. Qxf3 Na6 10. Be3 Nc7 11. Rac1 Nd7 12. Rfd1 e5 13. d5 c5 14. a3 a5 15.
Qg3 Kh8 16. f4 exf4 17. Bxf4 Ne5 18. Bxe5 Bxe5 19. Qf3 Ne8 20. Rc2 Ng7 21. Rf1
Nh5 22. Ne2 Qb6 23. Rb1 Qd8 24. b4 axb4 25. axb4 b6 26. bxc5 bxc5 27. Rb7 Ra1+
28. Rc1 Rxc1+ 29. Nxc1 Nf4 30. Ne2 Nxd3 31. Qxd3 Qf6 32. Qf3 Qxf3 33. gxf3 Kg7
34. Kf2 Ra8 35. f4 Bf6 36. Rb6 Rd8 37. Nc1 Kf8 38. Nb3 Ke7 1/2-1/2

[Event "DEM U12/U12w 2003"]
[Site "Willingen GER"]
[Date "2003.06.08"]
[Round "2"]
[White "Sörös, Martin-Wolfgang"]
[Black "Oltzen, Samuel David"]
[Result "1-0"]
[Termination "normal"]
[Board "20"]
[WhiteElo "1619"]
[BlackElo "1367"]
[PlyCount "49"]
[EventCountry "GER"]
[EventRounds "11"]
[EventType "swiss"]
[EventDate "2003.06.07"]

1. d4 e5 2. dxe5 Nc6 3. Nf3 Qe7 4. Nc3 Nxe5 5. Bf4 Nxf3+ 6. gxf3 Qb4 7. Qd2 d6
8. O-O-O Be6 9. e4 Qa5 10. a3 O-O-O 11. Be3 Be7 12. f4 Bg4 13. Be2 Bxe2 14.
Qxe2 Kb8 15. Rd5 c5 16. Rhd1 Qc7 17. Nb5 Qb6 18. e5 dxe5 19. Rxd8+ Bxd8 20.
Bxc5 Qf6 21. Qxe5+ Ka8 22. Bxa7 Bc7 23. Qe8+ Bd8 24. Rxd8+ Qxd8 25. Qxd8# 1-0

[Event "DEM U12/U12w 2003"]
[Site "Willingen GER"]
[Date "2003.06.08"]
[Round "2"]
[White "Roitzsch, Philipp"]
[Black "van Orsouw, Svenja"]
[Result "1-0"]
[Termination "normal"]
[Board "21"]
[WhiteElo "1612"]
[BlackElo "1311"]
[PlyCount "27"]
[WhiteFideId "24635529"]
[BlackFideId "24677124"]
[EventCountry "GER"]
[EventRounds "11"]
[EventType "swiss"]
[EventDate "2003.06.07"]

1. e4 c5 2. d4 e6 3. c3 Nc6 4. Nf3 b6 5. Bb5 Bb7 6. O-O Nf6 7. d5 exd5 8. exd5
Ne7 9. d6 Nc8 10. Re1+ Ne4 11. Bg5 f6 12. Bf4 g5 13. Nxg5 fxg5 14. Qh5# 1-0

[Event "DEM U12/U12w 2003"]
[Site "Willingen GER"]
[Date "2003.06.08"]
[Round "2"]
[White "Strunski, Andreas"]
[Black "Korman, Maxim"]
[Result "0-1"]
[Termination "normal"]
[Board "24"]
[WhiteElo "1619"]
[BlackElo "1711"]
[PlyCount "120"]
[WhiteFideId "24606073"]
[BlackFideId "24619787"]
[EventCountry "GER"]
[EventRounds "11"]
[EventType "swiss"]
[EventDate "2003.06.07"]

1. e4 e6 2. d4 d5 3. Nd2 c5 4. exd5 Qxd5 5. Ngf3 cxd4 6. Bc4 Qd6 7. Nb3 Nc6 8.
O-O Nf6 9. Nbxd4 Nxd4 10. Nxd4 a6 11. Be3 Qc7 12. Bb3 Bd6 13. h3 O-O 14. Bg5
Ne4 15. Qg4 Nxg5 16. Qxg5 b5 17. Rad1 Be7 18. Qe3 Bb7 19. Nxe6 fxe6 20. Qxe6+
Kh8 21. Rd7 Bc8 22. Rxc7 Bxe6 23. Rxe7 Bxb3 24. axb3 Rac8 25. c3 Rfd8 26. Rfe1
h6 27. Ra7 Rd2 28. Ree7 Rg8 29. Rxa6 Rxb2 30. b4 Rb1+ 31. Kh2 Rc1 32. Rb6 Rxc3
33. Rxb5 Rc2 34. f3 Rf8 35. Kg3 Rf6 36. Re4 Rd6 37. Rb8+ Kh7 38. b5 Rdd2 39. b6
Rxg2+ 40. Kh4 Rb2 41. b7 Rb5 42. f4 Rg1 43. Ree8 Kg6 44. f5+ Kxf5 45. Re4 Kxe4
46. Re8+ Kf5 47. b8=Q Rxb8 48. Rxb8 Re1 49. Rb5+ Re5 50. Rb7 Re4+ 51. Kg3 g6
52. Rf7+ Kg5 53. Ra7 Re3+ 54. Kg2 Kf4 55. Rf7+ Kg5 56. Ra7 h5 57. Ra5+ Kf4 58.
Ra4+ Re4 59. Ra8 Re3 60. Kf1 Rxh3 0-1